00878cam a22002054a 4500020004000000040000800040082002600048245013600074250001200210260004100222300003900263650002300302700002900325700002700354856005600381856006400437942000700501999001700508952014700525 a0072487828 (softcover : alk. paper) cDLC00a306 HIL 2003 A065 Or.04aThe meaning of difference :bAmerican constructions of race, sex and gender, social class, and sexual orientation : a text/reader / a3rd ed. aBoston, Mass. :bMcGraw-Hill,c2003. axvii, 526, 14 p. :bill. ;c23 cm. 0aCultural pluralism1 aRosenblum, Karen Elaine.1 aTravis, Toni-Michelle,41uhttp://www.loc.gov/catdir/toc/mh031/2002069597.html42uhttp://www.loc.gov/catdir/description/mh024/2002069597.html cEK c14356d14356 0010406306_000000000000000_HIL_2003_A065_OR70966389aLBAbLBAcA065d2017-10-13o306 HIL 2003 A065 Or.pA17379r2017-10-13w2017-10-13yEK